000 00571nam a2200193Ia 4500
008 090124s9999 xx 000 0 und d
082 _b25256
_a1512
100 _aगावसकर सुनील
245 _a वन डे वन्डर्स
250 _a1
260 _c1986
300 _a84
600 _aगावसकर सुनील
630 _a वन डे वन्डर्स
700 _aगावसकर सुनील
700 _aपंडित बाळ
730 _a वन डे वन्डर्स
942 _cBOOK
999 _c138780
_d138780